| 000 | 00994nam a22002297a 4500 | ||
|---|---|---|---|
| 999 |
_c5187 _d5187 |
||
| 003 | AR-CdUCM | ||
| 008 | 190312b ||||| |||| 00| 0 spa d | ||
| 020 | _a92-2-301483-2 | ||
| 040 |
_aMUNICIPALIDAD PROVINCIAL DEL CUSCO _cBIBLIOTECA MUNICIPAL DEL CUSCO |
||
| 082 |
_a396 / _bT78 |
||
| 110 |
_aOficina internacional de trabajo Ginebra _98767 |
||
| 245 |
_aLas trabajadoras y la sociedad : _bComentarios internacionales / |
||
| 260 |
_aSuiza : _bLa concorde, _c1976. |
||
| 300 |
_a235 paginas ; _c25 cm. |
||
| 505 | _acontenido : Los derechos de la mujer en punto muerto -- Perspectivas de promoción de las mujeres en el mundo del trabajo, por Eliane Vogel Polsky -- La división del trabajo y la desigualdad entre los sexos : Papel de la educación, por Ezéa Aventurin ... | ||
| 650 |
_aLa mujer en la sociedad _915741 |
||
| 650 |
_ala mujer y la educación _915742 |
||
| 650 |
_aDerecho de la mujer _915743 |
||
| 700 |
_aSipilä, Helvi _915744 |
||
| 942 |
_2ddc _cLIBROS |
||
| 945 | _arah | ||